| 000 | 00659nam a2200229 i 4500 | ||
|---|---|---|---|
| 001 | C2-0233771 | ||
| 003 | PPAK | ||
| 005 | 20180727194458.0 | ||
| 008 | 010610s1962 enka|||| ||||| | eng d | ||
| 040 |
_aPPAK _beng _cPPAK _erda |
||
| 082 | 0 | 4 |
_a746.3949 _223 |
| 090 | 0 | 0 |
_a746.3949 _bMAR _dKSF |
| 100 | 1 |
_aMarillier, H.C., _eauthor |
|
| 245 | 1 | 4 | _aThe tapestries at Hampton Court Palace |
| 264 | 1 |
_aLondon : _bHer Majesty's Stationery Office , _c1962 |
|
| 300 |
_a30 pages : _billustrations ; _c18 cm |
||
| 336 |
_2rdacontent _atext |
||
| 337 |
_2rdamedia _aunmediated |
||
| 338 |
_2rdacarrier _avolume |
||
| 650 | 1 | 0 | _aTapestry - Flanders |
| 942 |
_ddc _cB |
||
| 999 |
_c50215 _d50215 |
||